Loading...
| Mythology | 0 | 8 | 1 | 0 | 75 | 20 | 52.25 | 5 | 6 | 43.22 | 61.82 |
| Literature - European | 0 | 5 | 0 | 0 | 50 | 109 | 118.60 | 0 | 0 | 7.23 | 23.64 |
| Literature - World | 0 | 5 | 0 | 1 | 50 | 90 | 104.60 | 0 | 0 | 10.36 | 14.32 |
| Literature - American | 0 | 4 | 0 | 0 | 40 | 84 | 106.25 | 0 | 2 | 9.01 | 23.64 |
| Religion | 0 | 4 | 1 | 0 | 35 | 69 | 89.25 | 0 | 1 | 9.15 | 24.55 |
| Social Science | 0 | 2 | 0 | 0 | 20 | 81 | 85.50 | 0 | 0 | 4.09 | 5.45 |
| History - Other | 0 | 2 | 0 | 0 | 20 | 39 | 63.50 | 2 | 2 | 8.77 | 18.18 |
| Philosophy | 0 | 2 | 0 | 1 | 20 | 106 | 113.50 | 0 | 1 | 0.62 | 9.55 |
| Science - Other | 0 | 2 | 0 | 0 | 20 | 68 | 88.50 | 0 | 0 | 3.86 | 8.86 |
| Fine Arts - Painting and Sculpture | 0 | 2 | 1 | 0 | 15 | 68 | 74.50 | 1 | 2 | 7.64 | 17.27 |
| Popular Culture | 0 | 1 | 0 | 0 | 10 | 33 | 33.00 | 1 | 1 | 25.85 | 33.33 |
| History - American | 0 | 1 | 0 | 0 | 10 | 63 | 63.00 | 0 | 0 | 3.93 | 5.68 |
| Literature - British | 0 | 1 | 0 | 0 | 10 | 133 | 133.00 | 0 | 0 | 0.27 | 2.73 |